Biography of a subject : an evolution of development economics / (Record no. 2940)
[ view plain ]
| 000 -LEADER | |
|---|---|
| fixed length control field | 01055cam a22001814a 4500 |
| 020 ## - INTERNATIONAL STANDARD BOOK NUMBER | |
| ISBN | 0195170024 |
| 020 ## - INTERNATIONAL STANDARD BOOK NUMBER | |
| ISBN | 0195170032 (pbk.) |
| 020 ## - INTERNATIONAL STANDARD BOOK NUMBER | |
| ISBN | 9780195170030 |
| 050 00 - CALL NUMBER | |
| Classification number | HD75 |
| Item number | .M46 |
| 100 1# - AUTHOR | |
| Personal name | Meier, Gerald M. |
| 245 10 - TITLE | |
| Title | Biography of a subject : an evolution of development economics / |
| Statement of responsibility, etc | Gerald M. Meier. |
| 260 ## - PUBLICATION INFORMATION | |
| Place of publication | Oxford : |
| -- | New York : |
| Name of publisher | Oxford University Press, |
| Year of publication | 2005. |
| 300 ## - DESCRIPTION | |
| Number of Pages | viii, 250 p. : |
| Other physical details | ill. ; |
| Dimensions | 24 cm. |
| 500 ## - NOTES | |
| General note | Includes bibliographical references and index |
| 505 ## - FORMATTED CONTENTS NOTE | |
| Table of Content | Thinking about development --<br/>The heritage of classical growth economics --<br/>Early development institutions --<br/>Early development economics 1: analytics --<br/>Early development economics 2: historical perspectives --<br/>Orthodox reaction --<br/>Modern growth theory --<br/>The new development economics --<br/>Culture, social capital, institutions --<br/>The impact of globalization --<br/>Global trade issues --<br/>An unfinished biography --<br/>The evolution of development thought --<br/>The contours of world development. |
| 650 #0 - SUBJECTS | |
| Topical Term | Economic development. |
| 942 ## - ADDED ENTRY ELEMENTS (KOHA) | |
| Koha item type | Books |
| Withdrawn status | Lost status | Collection code | Home library | Current library | Shelving location | Date acquired | Full call number | Accession Number | Copy number | Koha item type |
|---|---|---|---|---|---|---|---|---|---|---|
| Reference | Methodist University Library Main | Methodist University Library Main | General Stacks | HD75 .M46 | 38983 | 1 | Books |